000 00762nam a2200241 u 4500
001 63770
005 20180714070340.0
008 151209s2014 mx r 000 0 spa d
020 _a9789681854164
041 _aspa
082 0 _a361.2522
_bALV
100 1 _aAlvarez García, Isaías
_eautor
245 1 0 _aPlanificación y desarrollo de proyectos sociales y educativos /
_cIsaías Álvarez García.
250 _aPrimera edición
264 1 _aMéxico :
_bEditorial Limusa,
_c2014
300 _a122 páginas ;
_c24 cm.
336 _atexto
_2rdacontent
337 _asin mediación
_2rdamedia
338 _avolumen
_2rdacarrier
650 4 _aPolítica social
650 4 _aPlanificación regional
650 4 _aPlanificación educativa
999 _c63770
_d63770